书目信息 |
| 题名: |
2019考研英语(二)历年真题老蒋详解
|
|
| 作者: | 蒋军虎 主编 | |
| 分册: | 试题分册 | |
| 出版信息: | 北京 中国人民大学出版社 2018 |
|
| 页数: | 104页 | |
| 开本: | 26cm | |
| 丛书名: | ||
| 单 册: | ||
| 中图分类: | H310.421-44 , H310.421 | |
| 科图分类: | ||
| 主题词: | 英语--研究生--入学考试--问题解答 | |
| 电子资源: | ||
| ISBN: | 978-7-300-25219-3 | |
| 000 | 01560nam0 2200313 450 | |
| 001 | 7077 | |
| 005 | 20180605154529.34 | |
| 010 | @a978-7-300-25219-3@dCNY18.67 | |
| 100 | @a20180412d2018 em y0chiy50 ea | |
| 101 | 0 | @achi@aeng |
| 102 | @aCN@b110000 | |
| 105 | @ay zq 000yy | |
| 200 | 1 | @a2019考研英语(二)历年真题老蒋详解@92019 kao yan ying yu(er)li nian zhen ti lao jiang xiang jie@e第1季5+1基础版@e2010-2014@i试题分册@f蒋军虎主编 |
| 205 | @a10版 | |
| 210 | @a北京@c中国人民大学出版社@d2018 | |
| 215 | @a104页@d26cm | |
| 300 | @a老蒋英语(二)绿皮书 | |
| 307 | @a附件题名:真题词汇掌中宝 | |
| 314 | @a蒋军虎,男,昵称老蒋,考研英语(二)辅导与图书创作的开拓者,被业内人士与考生誉为“英语(二)导师”。 | |
| 327 | 1 | @a试题分册@a详解分册 |
| 330 | @a本书由试题分册、详解分册(完形填空、阅读理解、翻译和写作)、真题词汇掌中宝等组成。试题分册完整呈现2010-2014年考研英语(二)试题,并给出参考答案以便自测速查。详解分册根据题型分成完形填空、阅读理解和翻译写作,并独家给出讲真题的精髓——全年复习指导,包括新大纲解析、命题趋势、解题步骤、题型与思路、复习指导等核心栏目,紧紧抓住历年真题的题目本质和考查重点,每一句话都很重要。每册详解分册对这四年相应题型的试题及文章做超详解读,给出详尽的文章导读、段落梳理、语言精讲、语篇与命题分析以及独树一帜的试题详解。 | |
| 517 | 1 | @a第1季5+1基础版@Adi 1 ji 5+1 ji chu ban |
| 517 | 1 | @a试题分册@Ashi ti fen ce |
| 606 | 0 | @a英语@x研究生@x入学考试@j问题解答 |
| 690 | @aH310.421-44@v5 | |
| 690 | @aH310.421@v4 | |
| 701 | 0 | @a蒋军虎@9jiang jun hu@4主编 |
| 801 | 0 | @aCN@b91MARC@c20180412 |
| 905 | @aMuseLib@dH310.421@e1671=10 | |
| 2019考研英语(二)历年真题老蒋详解:第1季5+1基础版:2010-2014.试题分册/蒋军虎主编.-10版.-北京:中国人民大学出版社,2018 |
| 104页;26cm |
| 老蒋英语(二)绿皮书 |
| 部分内容:试题分册;详解分册 |
| ISBN 978-7-300-25219-3:CNY18.67 |
| 本书由试题分册、详解分册(完形填空、阅读理解、翻译和写作)、真题词汇掌中宝等组成。试题分册完整呈现2010-2014年考研英语(二)试题,并给出参考答案以便自测速查。详解分册根据题型分成完形填空、阅读理解和翻译写作,并独家给出讲真题的精髓——全年复习指导,包括新大纲解析、命题趋势、解题步骤、题型与思路、复习指导等核心栏目,紧紧抓住历年真题的题目本质和考查重点,每一句话都很重要。每册详解分册对这四年相应题型的试题及文章做超详解读,给出详尽的文章导读、段落梳理、语言精讲、语篇与命题分析以及独树一帜的试题详解。 |
| ● |
| 相关链接 |
|
|
|
|
正题名:2019考研英语(二)历年真题老蒋详解
索取号:H310.421/1671=10
 
预约/预借
| 序号 | 登录号 | 条形码 | 馆藏地/架位号 | 状态 | 备注 |
| 1 | 1116373 | 211163738 | 第二样本阅览室/ [索取号:H310.421/1671=10] | 在馆 | |
| 2 | 1116374 | 211163747 | 教育系资料室/ [索取号:H310.421/1671=10] | 在馆 | |
| 3 | 1116375 | 211163756 | 教育系资料室/ [索取号:H310.421/1671=10] | 在馆 | |
| 4 | 1116376 | 211163765 | 第四借阅区/ [索取号:H310.421/1671=10] | 在馆 |